[Event "SR 2. liga A 2014/2015"]
[Site "?"]
[Date "2014.11.09"]
[Round "4.1"]
[White "Moreira, Miguel Jeronimo"]
[Black "Nemsak, Denis"]
[Result "0-1"]
[WhiteElo "1786"]
[BlackElo "1957"]
[PlyCount "108"]
[EventDate "2014.??.??"]

1. e4 d5 2. exd5 Nf6 3. Nf3 Nxd5 4. Bc4 Nb6 5. Bb3 Nc6 6. d4 Bf5 7. Bf4 Na5 8.
O-O Nxb3 9. axb3 e6 10. c4 Be7 11. Nc3 a6 12. Qd2 O-O 13. h3 Bf6 14. Rfd1 Nd7
15. Qe3 Re8 16. Ne4 Bxe4 17. Qxe4 c6 18. c5 Nf8 19. Bd6 Be7 20. Bxe7 Qxe7 21.
Ne5 Rad8 22. Nc4 Rd5 23. Rd3 Ng6 24. g3 e5 25. b4 f5 26. Qe3 f4 27. Qe4 fxg3
28. fxg3 Qe6 29. Kh2 exd4 30. Qxe6+ Rxe6 31. Rad1 Ne5 32. Nxe5 Rexe5 33. Rxd4
Re2+ 34. Kg1 Rxb2 35. Rxd5 cxd5 36. Rd4 Kf7 37. h4 Ke6 38. Kf1 Ke5 39. Rg4 g6
40. Rg5+ Kd4 41. h5 Rxb4 42. hxg6 hxg6 43. Rxg6 Kxc5 44. Rg8 Kd4 45. g4 Ke5 46.
Ke2 a5 47. Kd3 Rb3+ 48. Kc2 Rg3 49. g5 Kd6 50. g6 Kc5 51. g7 Kb4 52. Kb2 Rg2+
53. Kb1 Kb3 54. Kc1 a4 0-1

[Event "SR 2. liga A 2014/2015"]
[Site "?"]
[Date "2014.11.09"]
[Round "4.1"]
[White "Goga, Frantisek"]
[Black "Zacka, Ladislav"]
[Result "1-0"]
[WhiteElo "1909"]
[BlackElo "1716"]
[PlyCount "113"]
[EventDate "2014.??.??"]

1. e4 c5 2. Nf3 d6 3. d4 cxd4 4. Nxd4 Nf6 5. Nc3 a6 6. Be3 e6 7. Be2 Be7 8. O-O
O-O 9. f4 Nbd7 10. Bf3 Qc7 11. Qe1 Rb8 12. a4 Nb6 13. b3 Nbd7 14. g4 e5 15. Nf5
Nc5 16. g5 Bxf5 17. gxf6 Bxe4 18. fxe7 Qxe7 19. Bxc5 Bxf3 20. Rxf3 dxc5 21.
Qxe5 Qxe5 22. fxe5 Rfe8 23. Re1 Re6 24. Rfe3 Rbe8 25. Nd5 Rg6+ 26. Rg3 Rxg3+
27. hxg3 h6 28. Kf2 Kf8 29. Re3 Rd8 30. c4 b5 31. e6 fxe6 32. Rxe6 bxa4 33.
bxa4 Ra8 34. Rc6 Rb8 35. Rb6 Ra8 36. a5 Ra7 37. Rc6 Rb7 38. Rc8+ Kf7 39. Rc7+
Rxc7 40. Nxc7 Ke7 41. Ke3 Kd7 42. Nd5 Kd6 43. Ke4 g6 44. Nf4 g5 45. Nh5 Ke6 46.
g4 Ke7 47. Ke5 Kd7 48. Nf6+ Kd8 49. Kd6 Kc8 50. Kxc5 Kc7 51. Kd5 Kd8 52. Kd6
Kc8 53. c5 Kd8 54. c6 Kc8 55. c7 h5 56. Kc6 h4 57. Nd5 1-0

[Event "SR 2. liga A 2014/2015"]
[Site "?"]
[Date "2014.11.09"]
[Round "4.2"]
[White "Takacs, Laszlo"]
[Black "Madar, Martin"]
[Result "1-0"]
[WhiteElo "2110"]
[BlackElo "2174"]
[PlyCount "105"]
[EventDate "2014.??.??"]

1. e4 d5 2. exd5 Nf6 3. d4 Nxd5 4. Nf3 g6 5. h3 Bg7 6. c4 Nf6 7. Nc3 c5 8. dxc5
Qxd1+ 9. Kxd1 O-O 10. Bd3 Na6 11. Be3 Nb4 12. Bb1 Rd8+ 13. Ke2 Be6 14. Nd2 Nd7
15. Be4 Nc6 16. Rac1 Nd4+ 17. Bxd4 Bxd4 18. Bxb7 Bxc3 19. Rxc3 Rab8 20. c6 Nc5
21. Nb3 Na4 22. Rcc1 Rd6 23. Na5 Nxb2 24. c5 Rd4 25. c7 Re8 26. Rc2 Na4 27. Ke3
Rb4 28. Bc6 Rc8 29. a3 Rb3+ 30. Nxb3 Bxb3 31. Bxa4 Bxa4 32. Rd2 Rxc7 33. Rc1
Bc6 34. g3 e6 35. g4 Kg7 36. g5 h6 37. h4 hxg5 38. hxg5 Kf8 39. Kf4 Ke7 40. Ke5
Rc8 41. Rd4 Rh8 42. Rd6 Rc8 43. a4 Rc7 44. a5 Rc8 45. a6 Rc7 46. Rb1 Rc8 47.
Rxc6 Rxc6 48. Rb7+ Ke8 49. Rxa7 Rxc5+ 50. Kd6 Rd5+ 51. Kc6 Rxg5 52. Rb7 Rg1 53.
a7 1-0

[Event "SR 2. liga A 2014/2015"]
[Site "?"]
[Date "2014.11.09"]
[Round "4.2"]
[White "Syrovy, Ivan"]
[Black "Kalmar, Tamas"]
[Result "1/2-1/2"]
[WhiteElo "2017"]
[BlackElo "1966"]
[PlyCount "76"]
[EventDate "2014.??.??"]

1. e4 c6 2. f4 d5 3. e5 Bf5 4. Nf3 e6 5. d4 c5 6. c3 Nc6 7. Bd3 Nh6 8. O-O Qb6
9. Rf2 cxd4 10. cxd4 Rc8 11. Nc3 Bxd3 12. Qxd3 Nf5 13. Nxd5 Qd8 14. Nc3 Nfxd4
15. Nxd4 Qxd4 16. Qxd4 Nxd4 17. Be3 Nc6 18. Rd2 Bb4 19. Rad1 Bxc3 20. bxc3 b6
21. Rd7 Rd8 22. Rxd8+ Nxd8 23. c4 Nb7 24. c5 Nxc5 25. Bxc5 bxc5 26. Rc1 Kd7 27.
Rxc5 Rb8 28. Ra5 Rb7 29. h3 Kc6 30. Kh2 Kb6 31. Ra3 Rd7 32. h4 h5 33. g4 hxg4
34. Kg3 a5 35. Kxg4 Rd2 36. Rb3+ Kc7 37. Ra3 Kb6 38. Rb3+ Kc7 1/2-1/2

[Event "SR 2. liga A 2014/2015"]
[Site "?"]
[Date "2014.11.09"]
[Round "4.2"]
[White "Meszaros, Lorant"]
[Black "Hulla, Stanislav"]
[Result "1-0"]
[WhiteElo "2071"]
[BlackElo "1959"]
[PlyCount "38"]
[EventDate "2014.??.??"]

1. d4 d5 2. c4 e6 3. Nf3 Nf6 4. g3 Nbd7 5. Bg2 c6 6. O-O Be7 7. b3 O-O 8. Qc2
Ne4 9. Bb2 f5 10. Ne1 Ng5 11. e3 Qe8 12. Qe2 Qg6 13. f3 Nf7 14. Nd2 h5 15. f4
Nh6 16. Ndf3 Ng4 17. Bc3 Re8 18. Rc1 Ngf6 19. Qf2 Qg4 1-0

[Event "SR 2. liga A 2014/2015"]
[Site "?"]
[Date "2014.11.09"]
[Round "4.2"]
[White "Zacik, Anton"]
[Black "Darazs, Zoltan"]
[Result "0-1"]
[WhiteElo "1936"]
[BlackElo "2128"]
[PlyCount "142"]
[EventDate "2014.??.??"]

1. e4 e5 2. Nf3 Nc6 3. d4 exd4 4. Bc4 Nf6 5. e5 d5 6. Bb5 Ne4 7. O-O Bg4 8.
Qxd4 Bc5 9. Bxc6+ bxc6 10. Qa4 Qd7 11. Nbd2 Nxd2 12. Nxd2 O-O 13. Qf4 f6 14.
Nb3 Be7 15. h3 Bf5 16. e6 Bxe6 17. Be3 Bd6 18. Qh4 g5 19. Qh5 Bf5 20. Rac1 Bg6
21. Qd1 Qf7 22. c3 Rfe8 23. Qd2 Bf5 24. g4 Bc8 25. f4 Ba6 26. Rf2 Qe7 27. Rf3
Qe4 28. Qf2 h6 29. fxg5 fxg5 30. Re1 Rf8 31. Bf4 gxf4 32. Rxe4 dxe4 33. Qh4 Kg7
34. g5 h5 35. Qxh5 Rh8 36. Qg4 exf3 37. Qd7+ Kg6 38. Nd4 Bc8 39. Qxc6 Bxh3 40.
Qe4+ Kxg5 41. Nxf3+ Kf6 42. Qd4+ Ke6 43. Ng5+ Kd7 44. Nxh3 Rag8+ 45. Kf1 Rxh3
46. Qa4+ Kd8 47. Qxa7 Rh1+ 48. Kf2 Rh2+ 49. Kf3 Rg3+ 50. Ke4 Re2+ 51. Kd5 Re5+
52. Kc4 Rc5+ 53. Kd4 f3 54. Qa8+ Kd7 55. Qa4+ Ke7 56. Qc2 Rcg5 57. Qh7+ Kf6 58.
Qh8+ Kf5 59. Qc8+ Kf4 60. Qb7 Bc5+ 61. Kc4 Bb6 62. Qc8 f2 63. Qf8+ Rf5 64. Qh6+
Kf3 65. Qh1+ Kg4 66. Qd1+ Rgf3 67. Qf1 R5f4+ 68. Kb3 Rg3 69. Qe2+ Kh3 70. Qh5+
Kg2 71. Qd5+ Rff3 0-1

[Event "SR 2. liga A 2014/2015"]
[Site "?"]
[Date "2014.11.09"]
[Round "4.2"]
[White "Vegh, Vince"]
[Black "Petrigacova, Daniela"]
[Result "1-0"]
[WhiteElo "1919"]
[BlackElo "1829"]
[PlyCount "135"]
[EventDate "2014.??.??"]

1. e4 d5 2. exd5 Qxd5 3. Nf3 Nf6 4. d4 c6 5. c4 Qd8 6. g3 Bf5 7. Bg2 e6 8. O-O
Nbd7 9. a3 h6 10. Nc3 Qc7 11. d5 cxd5 12. cxd5 exd5 13. Bf4 Qc5 14. Rc1 Be6 15.
Nd4 Qb6 16. Ncb5 Bc5 17. Nxe6 fxe6 18. Nc7+ Kf7 19. Nxa8 Rxa8 20. b4 Bd6 21.
Be3 Qa6 22. Qb3 Qb5 23. Rfe1 Nf8 24. Bd4 a5 25. Bf1 Qd7 26. b5 Qe7 27. b6 Ne4
28. Bg2 Nf6 29. Bxf6 Qxf6 30. Rc3 Qd4 31. Rd3 Qc5 32. Rb1 Nd7 33. Bxd5 exd5 34.
Rxd5 Qxa3 35. Rxd6+ Qxb3 36. Rxb3 Ne5 37. f4 a4 38. Rc3 a3 39. fxe5 a2 40. Rc7+
Ke8 41. Rd1 a1=Q 42. Rxa1 Rxa1+ 43. Kg2 Re1 44. Rxg7 Rxe5 45. Rxb7 Kd8 46. Kf3
Ke8 47. Kg4 Kd8 48. Kf4 Re6 49. Kf5 Rd6 50. Rg7 Rxb6 51. Rg6 Rb5+ 52. Kg4 h5+
53. Kh4 Kd7 54. Rg5 Rb2 55. h3 Ke6 56. Kxh5 Kf6 57. h4 Rb3 58. g4 Rb8 59. Rg6+
Kf7 60. Ra6 Rh8+ 61. Kg5 Rg8+ 62. Kf4 Rb8 63. Ra7+ Kg8 64. g5 Rb5 65. Kg4 Rb4+
66. Kh5 Rb5 67. Kh6 Rb4 68. h5 1-0

[Event "SR 2. liga A 2014/2015"]
[Site "?"]
[Date "2014.11.09"]
[Round "4.2"]
[White "Hajtmanek, Stanislav"]
[Black "Szitasi, Janos"]
[Result "0-1"]
[WhiteElo "1762"]
[BlackElo "1943"]
[PlyCount "84"]
[EventDate "2014.??.??"]

1. d4 d5 2. c4 c6 3. Nc3 Nf6 4. e3 e6 5. Nf3 Nbd7 6. Bd3 Bd6 7. O-O O-O 8. Re1
h6 9. a3 b6 10. b4 dxc4 11. Bxc4 Nd5 12. Bb2 N7f6 13. e4 Nxc3 14. Bxc3 Be7 15.
Qb3 Bb7 16. Rad1 Qc7 17. Ne5 Rae8 18. Nf3 Rc8 19. Bd2 c5 20. e5 Nd5 21. bxc5
bxc5 22. Rc1 Qb6 23. Qxb6 Nxb6 24. dxc5 Bxc5 25. Be2 Bxa3 26. Ra1 Bc5 27. Rxa7
Bxf3 28. Bxf3 Nc4 29. Ra2 Nxd2 30. Rxd2 Bb4 31. Rdd1 Bxe1 32. Rxe1 Rc5 33. Be4
Rfc8 34. g3 Rc1 35. Kf1 Rxe1+ 36. Kxe1 Rc5 37. f4 Rc4 38. Bd3 Rc1+ 39. Kf2 Kf8
40. h3 Ke7 41. g4 g5 42. f5 Rc5 0-1

[Event "SR 2. liga A 2014/2015"]
[Site "?"]
[Date "2014.11.09"]
[Round "4.2"]
[White "Fekete, Robert"]
[Black "Kosnac, Patrik"]
[Result "0-1"]
[WhiteElo "1908"]
[BlackElo "1235"]
[PlyCount "22"]
[EventDate "2014.??.??"]

1. e4 c5 2. Nf3 g6 3. d4 cxd4 4. Nxd4 Bg7 5. c3 Nc6 6. Be3 Nf6 7. f3 d6 8. Bc4
Qb6 9. Nf5 Qxb2 10. Nxg7+ Kf8 11. Bh6 Qxa1 0-1

[Event "SR 2. liga A 2014/2015"]
[Site "?"]
[Date "2014.11.09"]
[Round "4.3"]
[White "Jablonicky, Frantisek"]
[Black "Rohacek, Miroslav"]
[Result "1/2-1/2"]
[WhiteElo "2126"]
[BlackElo "2272"]
[PlyCount "29"]
[EventDate "2014.??.??"]

1. Nf3 d5 2. d4 c5 3. c4 cxd4 4. cxd5 Nf6 5. Qxd4 Qxd5 6. Nc3 Qxd4 7. Nxd4 a6
8. Bg5 Nbd7 9. g3 e5 10. Nf5 h6 11. Bd2 Nb6 12. Ne3 Be6 13. Bg2 O-O-O 14. Ne4
Nfd5 15. O-O 1/2-1/2

[Event "SR 2. liga A 2014/2015"]
[Site "?"]
[Date "2014.11.09"]
[Round "4.3"]
[White "Maslikova, Veronika"]
[Black "Spacek, Oliver"]
[Result "1/2-1/2"]
[WhiteElo "2234"]
[BlackElo "2011"]
[PlyCount "102"]
[EventDate "2014.??.??"]

1. e4 c5 2. Nf3 e6 3. c3 Nf6 4. Bd3 Nc6 5. Bc2 Qc7 6. O-O d5 7. exd5 exd5 8.
Re1+ Be7 9. d4 b6 10. Bg5 Be6 11. Ne5 Nxe5 12. dxe5 Ng8 13. Ba4+ Kf8 14. Bf4 g5
15. Bg3 h5 16. f3 Nh6 17. Bc2 Rd8 18. Nd2 Rg8 19. f4 g4 20. f5 Nxf5 21. Bxf5
Bxf5 22. e6 Qc8 23. exf7 Kxf7 24. Qa4 Qd7 25. Qf4 h4 26. Rxe7+ Kxe7 27. Bxh4+
Kf7 28. Rf1 Rdf8 29. Qxf5+ Qxf5 30. Rxf5+ Ke6 31. Rh5 Rh8 32. Rxh8 Rxh8 33. Bf2
Kf5 34. a3 Kf4 35. b4 d4 36. cxd4 Rd8 37. g3+ Kf5 38. dxc5 Rxd2 39. cxb6 axb6
40. Bxb6 Ra2 41. Bf2 Rxa3 42. b5 Rb3 43. Kg2 Rxb5 44. h3 Rb2 45. hxg4+ Kxg4 46.
Kg1 Rc2 47. Kg2 Rd2 48. Kg1 Kf3 49. Bb6 Rd1+ 50. Kh2 Rd7 51. g4 Rh7+ 1/2-1/2

[Event "SR 2. liga A 2014/2015"]
[Site "?"]
[Date "2014.11.09"]
[Round "4.3"]
[White "Jablonicky, Martin"]
[Black "Kimerling, Martin"]
[Result "1-0"]
[WhiteElo "1949"]
[BlackElo "2157"]
[PlyCount "75"]
[EventDate "2014.??.??"]

1. d4 Nf6 2. c4 c5 3. d5 e6 4. Nc3 exd5 5. cxd5 d6 6. Nf3 g6 7. Bf4 Bg7 8. Qa4+
Bd7 9. Qb3 Qc7 10. e4 O-O 11. Be2 Re8 12. Nd2 Na6 13. O-O Rac8 14. Nc4 Nxe4 15.
Nxe4 Rxe4 16. Bxd6 Qd8 17. Bf3 Rd4 18. Be5 Bxe5 19. Nxe5 Rb4 20. Qc3 Bf5 21. a3
Rd4 22. Rad1 f6 23. Nc4 b5 24. Ne3 Rxd1 25. Rxd1 Bd7 26. d6 Bc6 27. Bxc6 Rxc6
28. Qb3+ Kg7 29. Qe6 Nc7 30. Qg4 Ne8 31. d7 Nc7 32. Nf5+ Kf8 33. Nd6 Rb6 34.
Qh3 Kg7 35. Nc8 Re6 36. Nxa7 Kg8 37. g3 f5 38. Qg2 1-0

[Event "SR 2. liga A 2014/2015"]
[Site "?"]
[Date "2014.11.09"]
[Round "4.3"]
[White "Sahidi, Samir"]
[Black "Polasek, Filip"]
[Result "1-0"]
[WhiteElo "2026"]
[BlackElo "2122"]
[PlyCount "95"]
[EventDate "2014.??.??"]

1. d4 d5 2. c4 e6 3. Nc3 Nf6 4. Nf3 Be7 5. Bg5 Nbd7 6. e3 c6 7. c5 O-O 8. Be2
e5 9. dxe5 Ne4 10. Bxe7 Qxe7 11. Nxe4 dxe4 12. Nd2 Nxc5 13. Qc2 Qxe5 14. Rc1
Nd3+ 15. Bxd3 exd3 16. Qc3 Qg5 17. g3 Bh3 18. Qc5 Qg4 19. f3 Qe6 20. b3 Rfe8
21. Kf2 b6 22. Qd4 Rad8 23. Qf4 c5 24. Rhe1 a5 25. g4 f5 26. g5 Qe5 27. Kg3
Qxf4+ 28. Kxf4 Re6 29. Rg1 h6 30. g6 Rf6 31. a4 h5 32. Rg5 h4 33. Rcg1 Rdd6 34.
Nc4 d2 35. Rd1 Bf1 36. Rxd2 Rxd2 37. Nxd2 Bd3 38. Rg1 Kf8 39. Kg5 h3 40. f4 Be2
41. Rg3 Rd6 42. Nc4 Rd3 43. Rxh3 Rxb3 44. Rh8+ Ke7 45. Ne5 Rxe3 46. Rg8 Rh3 47.
Rxg7+ Kf8 48. Kf6 1-0

[Event "SR 2. liga A 2014/2015"]
[Site "?"]
[Date "2014.11.09"]
[Round "4.3"]
[White "Pericka, Tomas"]
[Black "Sklars, Tomas"]
[Result "1/2-1/2"]
[WhiteElo "2010"]
[BlackElo "2005"]
[PlyCount "25"]
[EventDate "2014.??.??"]

1. e4 c5 2. Nf3 d6 3. Bb5+ Bd7 4. Bxd7+ Qxd7 5. O-O Nc6 6. c3 g6 7. d4 cxd4 8.
cxd4 Bg7 9. Nc3 Nf6 10. d5 Ne5 11. Nxe5 dxe5 12. f4 exf4 13. Bxf4 1/2-1/2

[Event "SR 2. liga A 2014/2015"]
[Site "?"]
[Date "2014.11.09"]
[Round "4.3"]
[White "Macko, Miroslav"]
[Black "Slobodnik, Michal"]
[Result "0-1"]
[WhiteElo "2010"]
[BlackElo "1958"]
[PlyCount "58"]
[EventDate "2014.??.??"]

1. e4 Nf6 2. e5 Nd5 3. d4 d6 4. c4 Nb6 5. exd6 cxd6 6. Nc3 g6 7. Nf3 Bg7 8. Be3
Be6 9. b3 Bg4 10. Be2 O-O 11. O-O Nc6 12. Rc1 e5 13. h3 Bxf3 14. Bxf3 exd4 15.
Bxc6 dxe3 16. Bxb7 exf2+ 17. Rxf2 Rb8 18. Bf3 Bh6 19. Re2 Bxc1 20. Qxc1 Qh4 21.
Re4 Qf6 22. Qd2 Rfe8 23. Rxe8+ Rxe8 24. Ne2 Qe5 25. Kh1 Nd7 26. Ng1 Nf6 27. Bc6
Nh5 28. Nf3 Ng3+ 29. Kg1 Qa1+ 0-1

[Event "SR 2. liga A 2014/2015"]
[Site "?"]
[Date "2014.11.09"]
[Round "4.3"]
[White "Diviak, Rastislav"]
[Black "Lintner, Igor"]
[Result "0-1"]
[WhiteElo "2001"]
[BlackElo "1941"]
[PlyCount "44"]
[EventDate "2014.??.??"]

1. e4 c5 2. Nf3 d6 3. d4 cxd4 4. Nxd4 a6 5. Nc3 Nf6 6. Be2 b5 7. Bf3 e6 8. e5
dxe5 9. Bxa8 exd4 10. Ne4 Nxe4 11. Bxe4 f5 12. Bf4 fxe4 13. Bxb8 Qa5+ 14. Kf1
b4 15. Bf4 Qf5 16. Bg3 Bc5 17. c3 dxc3 18. bxc3 O-O 19. Qe2 bxc3 20. Re1 Bd7
21. Qxe4 Bb5+ 22. Kg1 Qxf2+ 0-1

[Event "SR 2. liga A 2014/2015"]
[Site "?"]
[Date "2014.11.09"]
[Round "4.3"]
[White "Suchansky, Jakub"]
[Black "Ocko, Martin"]
[Result "1/2-1/2"]
[WhiteElo "1910"]
[BlackElo "1857"]
[PlyCount "100"]
[EventDate "2014.??.??"]

1. Nf3 Nf6 2. c4 e6 3. Nc3 d5 4. d4 Bb4 5. Bg5 O-O 6. e3 Nbd7 7. cxd5 exd5 8.
Bd3 h6 9. Bh4 Re8 10. O-O Bxc3 11. bxc3 c6 12. c4 Qa5 13. cxd5 cxd5 14. Qb3 b6
15. Rfc1 Ba6 16. Bf5 Bc4 17. Qb2 g6 18. Bxd7 Nxd7 19. Nd2 Rac8 20. Nxc4 dxc4
21. a4 a6 22. Bg3 Rc6 23. Qc3 Qxc3 24. Rxc3 Nf6 25. Rb1 Nd5 26. Rc2 c3 27. Be5
f5 28. Rb3 Rec8 29. Kf1 Kf7 30. Ke2 Ke6 31. f3 Rc4 32. e4 Nb4 33. Rc1 a5 34.
Bg7 Kf7 35. Be5 c2 36. Ra3 Nc6 37. exf5 gxf5 38. Kd3 Nxe5+ 39. dxe5 Ke6 40. Rb3
R8c6 41. Rb5 Rxa4 42. Rxc2 Rxc2 43. Kxc2 Ra2+ 44. Kd3 Rxg2 45. f4 Rxh2 46.
Rxb6+ Ke7 47. Ra6 Rf2 48. Ke3 Ra2 49. Rxh6 a4 50. Ra6 Ra1 1/2-1/2

[Event "SR 2. liga A 2014/2015"]
[Site "?"]
[Date "2014.11.09"]
[Round "4.4"]
[White "Federic, Jozef"]
[Black "Sosovicka, Juraj"]
[Result "1-0"]
[WhiteElo "2305"]
[BlackElo "2215"]
[PlyCount "113"]
[EventDate "2014.??.??"]

1. d4 Nf6 2. Nf3 d5 3. c4 c6 4. Nc3 e6 5. e3 Nbd7 6. Qc2 Bd6 7. Be2 dxc4 8.
Bxc4 O-O 9. O-O Qe7 10. e4 e5 11. d5 cxd5 12. Bxd5 Nb6 13. Bb3 Be6 14. Bg5 Rac8
15. Rfd1 Bb4 16. Rd3 Nbd7 17. a3 Bxc3 18. Rxc3 Rxc3 19. Qxc3 Bxb3 20. Qxb3 h6
21. Be3 b6 22. Qc4 Nc5 23. Nd2 Rd8 24. f3 Ne6 25. a4 Nd4 26. Nb3 Nxb3 27. Qxb3
Nd7 28. a5 Nc5 29. Qc4 Qd6 30. Rc1 Ne6 31. axb6 axb6 32. Qc6 Nd4 33. Qxd6 Rxd6
34. Rc8+ Kh7 35. Kf2 Ne6 36. b4 f6 37. b5 Nd4 38. Bxd4 Rxd4 39. Rc6 Rd2+ 40.
Kg3 Rb2 41. Rxb6 Kg6 42. Rb8 h5 43. b6 Kh7 44. b7 Kg6 45. h4 Kh7 46. Kh3 Rb3
47. Kh2 Rb2 48. Kg1 Rb1+ 49. Kf2 Rb3 50. Ke2 Kg6 51. g3 Rb4 52. Kd3 Rb3+ 53.
Kc4 Rb1 54. f4 Kf7 55. fxe5 fxe5 56. Kd5 Rb5+ 57. Kc6 1-0

[Event "SR 2. liga A 2014/2015"]
[Site "?"]
[Date "2014.11.09"]
[Round "4.4"]
[White "Oprea, Erik"]
[Black "Mydlarik, Martin"]
[Result "1/2-1/2"]
[WhiteElo "2163"]
[BlackElo "2138"]
[PlyCount "94"]
[EventDate "2014.??.??"]

1. c4 e5 2. Nc3 Nf6 3. g3 Bb4 4. Bg2 Bxc3 5. dxc3 O-O 6. e4 d6 7. Ne2 b6 8. O-O
Bb7 9. f3 Nbd7 10. Be3 a5 11. g4 Nc5 12. Ng3 Ne6 13. Qd2 Ba6 14. b3 a4 15. Rfd1
Kh8 16. Bf1 axb3 17. axb3 Qd7 18. Nf5 Bb7 19. Qf2 Rxa1 20. Rxa1 Ra8 21. Rxa8+
Bxa8 22. Qh4 Ng8 23. g5 Ne7 24. Nxe7 Qxe7 25. Bh3 Bc6 26. Bf5 g6 27. Bxe6 Qxe6
28. Qf2 Qh3 29. b4 Kg8 30. Qg2 Qe6 31. Qe2 Ba4 32. c5 bxc5 33. bxc5 d5 34. Qd2
Bc6 35. exd5 Bxd5 36. Kf2 c6 37. Qb2 Qf5 38. f4 h5 39. Qb8+ Kh7 40. Qxe5 Qc2+
41. Ke1 Bc4 42. Bd4 Qc1+ 43. Kf2 Qd2+ 44. Kg1 Qd1+ 45. Kf2 Qd2+ 46. Kg1 Qd1+
47. Kf2 Qd2+ 1/2-1/2

[Event "SR 2. liga A 2014/2015"]
[Site "?"]
[Date "2014.11.09"]
[Round "4.4"]
[White "Antol, Ladislav"]
[Black "Sosovicka, Matej"]
[Result "1/2-1/2"]
[WhiteElo "2045"]
[BlackElo "2155"]
[PlyCount "39"]
[EventDate "2014.??.??"]

1. e4 c5 2. Nf3 d6 3. d4 cxd4 4. Nxd4 Nf6 5. Nc3 a6 6. Be2 e6 7. O-O Be7 8. Kh1
O-O 9. f4 Qc7 10. Qe1 b5 11. a3 Bb7 12. Bf3 Nbd7 13. g4 Rfd8 14. g5 Ne8 15. Rg1
g6 16. Rg3 Bf8 17. Rh3 Bg7 18. Be3 Bf8 19. f5 Ne5 20. Qf2 1/2-1/2

[Event "SR 2. liga A 2014/2015"]
[Site "?"]
[Date "2014.11.09"]
[Round "4.4"]
[White "Hricak, Vasil"]
[Black "Mruskovic, Radoslav"]
[Result "1-0"]
[WhiteElo "2090"]
[BlackElo "1986"]
[PlyCount "81"]
[EventDate "2014.??.??"]

1. e4 d6 2. d4 g6 3. Nc3 Bg7 4. Be3 Nf6 5. Qd2 Nc6 6. f3 O-O 7. O-O-O e5 8. d5
Ne7 9. Bh6 Nh5 10. Bxg7 Nxg7 11. g4 f5 12. gxf5 gxf5 13. Nh3 Ng6 14. Rg1 Qh4
15. Ng5 Nf4 16. Nb5 h6 17. Nxc7 hxg5 18. Nxa8 fxe4 19. fxe4 Bg4 20. Rxg4 Qxg4
21. Nc7 a6 22. Qb4 Ne2+ 23. Bxe2 Qxe2 24. Qxb7 Qxe4 25. Qxa6 Qf4+ 26. Kb1 Qxh2
27. Ne6 Qh5 28. Rc1 Rf7 29. Qxd6 g4 30. Qd8+ Kh7 31. Ng5+ Kg6 32. Nxf7 Kxf7 33.
Rf1+ Kg6 34. Qf6+ Kh7 35. d6 Qe8 36. Qe7 Qb5 37. Rh1+ Kg6 38. d7 Qd5 39. Rc1
Ne6 40. Qe8+ Kf5 41. Qf7+ 1-0

[Event "SR 2. liga A 2014/2015"]
[Site "?"]
[Date "2014.11.09"]
[Round "4.4"]
[White "Karlik, Lukas"]
[Black "Ochrana, Ladislav"]
[Result "0-1"]
[WhiteElo "1940"]
[BlackElo "1994"]
[PlyCount "48"]
[EventDate "2014.??.??"]

1. d4 d5 2. c4 c5 3. Nf3 cxd4 4. Qxd4 Nf6 5. cxd5 Qxd5 6. Nc3 Qxd4 7. Nxd4 a6
8. e4 e5 9. Nf3 Nc6 10. a3 Bg4 11. Be2 h6 12. Nd5 Nxd5 13. exd5 Bxf3 14. Bxf3
Nd4 15. Bd1 O-O-O 16. O-O Rxd5 17. f4 Bc5 18. Kh1 e4 19. Be3 Nf5 20. Bc1 Kb8
21. Bc2 Re8 22. g4 Nd4 23. Ba4 Re7 24. f5 e3 0-1

[Event "SR 2. liga A 2014/2015"]
[Site "?"]
[Date "2014.11.09"]
[Round "4.4"]
[White "Szollos, Ondrej"]
[Black "Kundrak, Vladimir"]
[Result "1-0"]
[WhiteElo "1972"]
[BlackElo "1949"]
[PlyCount "63"]
[EventDate "2014.??.??"]

1. e4 d5 2. exd5 Nf6 3. d3 Bg4 4. Nf3 Qxd5 5. Be2 Nc6 6. O-O e5 7. Nc3 Qd7 8.
h3 Bf5 9. Re1 O-O-O 10. Bg5 Re8 11. Nh4 Be6 12. Nf3 h6 13. Bh4 g5 14. Bg3 Bf5
15. Bf1 Bd6 16. Nb5 g4 17. Nxd6+ cxd6 18. hxg4 Bxg4 19. Be2 h5 20. c3 Nd5 21.
Nh4 Reg8 22. Bf3 Be6 23. d4 exd4 24. cxd4 Bg4 25. Qb3 Bxf3 26. Qxf3 Rg5 27.
Rac1 Kb8 28. Rc5 Nxd4 29. Qd3 b6 30. Rc4 Ne6 31. Nf3 Nc5 32. Rxc5 1-0

[Event "SR 2. liga A 2014/2015"]
[Site "?"]
[Date "2014.11.09"]
[Round "4.4"]
[White "Sustak, Roman"]
[Black "Kucera, Michal"]
[Result "0-1"]
[WhiteElo "1877"]
[BlackElo "1934"]
[PlyCount "96"]
[EventDate "2014.??.??"]

1. Nf3 d5 2. c4 e6 3. d4 Nf6 4. Nc3 Be7 5. Bf4 c6 6. h3 Nbd7 7. e3 Nf8 8. Ne5
N6d7 9. Bd3 Nxe5 10. Bxe5 Bf6 11. Bg3 Ng6 12. Qc2 Ne7 13. Bh2 g6 14. h4 Nf5 15.
h5 Qe7 16. O-O-O Bd7 17. c5 gxh5 18. Bxf5 exf5 19. Bd6 Qe6 20. Rxh5 Be7 21. Be5
f6 22. Bf4 Qg8 23. f3 b5 24. Qf2 O-O-O 25. b4 Kb7 26. a4 Ra8 27. axb5 cxb5 28.
Qa2 Bc6 29. Rxf5 Qe6 30. e4 a5 31. Qb1 dxe4 32. fxe4 Qc4 33. Qc2 axb4 34. Nd5
Ra1+ 35. Kd2 Ra2 36. Qxa2 Qxa2+ 37. Ke1 Bxd5 38. Rxd5 Rd8 39. Rxd8 Bxd8 40. d5
Ba5 41. c6+ Kc8 42. d6 b3+ 43. Kf1 Qc2 44. d7+ Kd8 45. Rc1 Qc4+ 46. Rxc4 bxc4
47. Bc1 c3 48. e5 b2 0-1

[Event "SR 2. liga A 2014/2015"]
[Site "?"]
[Date "2014.11.09"]
[Round "4.4"]
[White "Lobodas, Andrej"]
[Black "Soldan, Jan"]
[Result "1-0"]
[WhiteElo "1914"]
[BlackElo "1763"]
[PlyCount "37"]
[EventDate "2014.??.??"]

1. e4 c5 2. Bc4 Nc6 3. Ne2 Nf6 4. Ng3 e6 5. d3 Be7 6. O-O O-O 7. a3 a6 8. Be3
b5 9. Ba2 Bb7 10. f4 d6 11. Nd2 Qc7 12. f5 e5 13. Nh5 b4 14. Nxf6+ Bxf6 15. Qh5
Nd4 16. g4 Nxc2 17. g5 Nxe3 18. gxf6 Nxf1 19. Qg4 1-0

[Event "SR 2. liga A 2014/2015"]
[Site "?"]
[Date "2014.11.09"]
[Round "4.5"]
[White "Sekera, Branislav"]
[Black "Balogh, Tomas"]
[Result "0-1"]
[WhiteElo "2207"]
[BlackElo "2358"]
[PlyCount "142"]
[EventDate "2014.??.??"]

1. Nf3 d5 2. d4 Nf6 3. Bg5 e6 4. e3 h6 5. Bh4 Nbd7 6. Be2 c5 7. O-O Be7 8. Nbd2
O-O 9. c3 b6 10. Qc2 Bb7 11. Rad1 Qc7 12. Bg3 Bd6 13. Bxd6 Qxd6 14. Rfe1 Rac8
15. Qa4 Bc6 16. Qc2 Qc7 17. Bf1 Rfd8 18. g3 e5 19. dxe5 Nxe5 20. Bg2 Nxf3+ 21.
Nxf3 Re8 22. Qf5 Rcd8 23. h3 Rd6 24. Qb1 g6 25. Qc1 Bb7 26. Nd2 Rde6 27. b3 Kh7
28. c4 dxc4 29. Bxb7 Qxb7 30. Qxc4 Rd8 31. Nb1 Red6 32. Nc3 Kg7 33. Rxd6 Rxd6
34. Rd1 Rxd1+ 35. Nxd1 Qd7 36. Nc3 Qxh3 37. Ne4 Qe6 38. Nxf6 Qxf6 39. Qa6 Qe7
40. Kf1 h5 41. Ke2 Qd7 42. Ke1 Kh6 43. Ke2 g5 44. Ke1 f6 45. Qc4 Kg7 46. Qe4 b5
47. Qf3 g4 48. Qf4 a6 49. Qe4 Qc7 50. Qf5 Qe5 51. Qd7+ Kh6 52. Qd2 Qa1+ 53. Ke2
c4 54. bxc4 bxc4 55. Qc2 c3 56. Kd3 Qe1 57. a4 Kg5 58. a5 h4 59. gxh4+ Kxh4 60.
Kc4 Kh3 61. Qh7+ Kg2 62. Qe4+ Kxf2 63. Qf4+ Ke2 64. Qxg4+ Kd2 65. Qd4+ Kc2 66.
Qe4+ Kb2 67. Qb7+ Kc1 68. Qe7 Qe2+ 69. Kxc3 Qd2+ 70. Kc4 Qxa5 71. Qxf6 Qb5+ 0-1

[Event "SR 2. liga A 2014/2015"]
[Site "?"]
[Date "2014.11.09"]
[Round "4.5"]
[White "Janko, Michal"]
[Black "Kavon, Rastislav"]
[Result "1-0"]
[WhiteElo "2280"]
[BlackElo "2153"]
[PlyCount "91"]
[EventDate "2014.??.??"]

1. d4 Nf6 2. c4 g6 3. g3 Bg7 4. Bg2 O-O 5. Nc3 d6 6. Nf3 c6 7. O-O Qa5 8. e4 e5
9. h3 Nbd7 10. Re1 Re8 11. d5 cxd5 12. cxd5 Nh5 13. Rb1 Qd8 14. b4 a5 15. a3
axb4 16. axb4 Nb6 17. Bf1 f5 18. exf5 gxf5 19. Ng5 Nf6 20. Nb5 Rf8 21. Ne6 Bxe6
22. dxe6 Ne8 23. Bg2 Qe7 24. Qb3 Kh8 25. Be3 Nc8 26. Rbc1 e4 27. Rc2 Qd8 28.
Rec1 Ne7 29. Nc7 Ra1 30. Rxa1 Bxa1 31. Bb6 d5 32. Ra2 Nxc7 33. Rxa1 Qd6 34.
Qc3+ Kg8 35. Bxc7 Qxe6 36. Qe5 Qf7 37. Bd6 Nc6 38. Qf4 Rc8 39. Rc1 Ra8 40. Bf1
Nd4 41. Rc7 Qh5 42. Qc1 Nf3+ 43. Kg2 Qe8 44. Be2 Rd8 45. Bxf3 exf3+ 46. Kh2 1-0